书目信息 |
| 题名: |
化学工程与工艺专业实验
|
|
| 作者: | 王金渠 主编 | |
| 分册: | ||
| 出版信息: | 大连 大连理工大学出版社 2019.04 |
|
| 页数: | 83页 | |
| 开本: | 26cm | |
| 丛书名: | ||
| 单 册: | ||
| 中图分类: | TQ016 | |
| 科图分类: | ||
| 主题词: | 化学工程--hua xue gong cheng--化学实验--高等学校--教材 | |
| 电子资源: | ||
| ISBN: | 978-7-5685-1900-7 | |
| 000 | 01033nam0 2200265 450 | |
| 001 | 202019134371 | |
| 005 | 20191002113834.0 | |
| 010 | @a978-7-5685-1900-7@dCNY18.00 | |
| 100 | @a20190928d2019 em y0chiy50 ea | |
| 101 | 0 | @achi |
| 102 | @aCN@b210000 | |
| 105 | @aak a 000yy | |
| 106 | @ar | |
| 200 | 1 | @a化学工程与工艺专业实验@Ahua xue gong cheng yu gong yi zhuan ye shi yan@d= Special experiments for chemical engineering and technology@f王金渠主编@zeng |
| 210 | @a大连@c大连理工大学出版社@d2019.04 | |
| 215 | @a83页@c图@d26cm | |
| 320 | @a有书目 | |
| 330 | @a本书内容涵盖化工热力学、反应工程、分离工程、能源化工、膜分离基础、石油化工工艺学、石油炼制工程、工业催化作用基础、石油天然气化学等。 | |
| 333 | @a高等学校理工科化学类规划教材 | |
| 510 | 1 | @aSpecial experiments for chemical engineering and technology@zeng |
| 606 | 0 | @a化学工程@Ahua xue gong cheng@x化学实验@x高等学校@j教材 |
| 690 | @aTQ016@v5 | |
| 701 | 0 | @a王金渠@Awang jin qu@4主编 |
| 801 | 0 | @aCN@c20190905 |
| 905 | @a河南城建学院图书馆@dTQ016@eW235 | |
| 化学工程与工艺专业实验= Special experiments for chemical engineering and technology/王金渠主编.-大连:大连理工大学出版社,2019.04 |
| 83页:图;26cm |
| 使用对象:高等学校理工科化学类规划教材 |
| ISBN 978-7-5685-1900-7:CNY18.00 |
| 本书内容涵盖化工热力学、反应工程、分离工程、能源化工、膜分离基础、石油化工工艺学、石油炼制工程、工业催化作用基础、石油天然气化学等。 |
| ● |
| 相关链接 |
|
|
|
正题名:化学工程与工艺专业实验
索取号:TQ016/W235
 
预约/预借
| 序号 | 登录号 | 条形码 | 馆藏地/架位号 | 状态 | 备注 |
| 1 | 1442319 | 214423195 | 自科库501/501自科库 137排3列3层/ [索取号:TQ016/W235] | 在馆 | |
| 2 | 1442320 | 214423202 | 自科库501/501自科库 137排3列3层/ [索取号:TQ016/W235] | 在馆 |